| 000 | 00375nam a2200145Ia 4500 | ||
|---|---|---|---|
| 005 | 20251222154428.0 | ||
| 008 | 251222s9999||||xx |||||||||||||| ||spa|| | ||
| 020 | _a8428109591 | ||
| 082 | _a371.33/C12 | ||
| 100 | _aCabrero Almenara, Julio et. al. | ||
| 245 | 0 | _aPrácticas Fundamentales de TecnologĂa Educativa | |
| 250 | _a1ra.ed. | ||
| 264 | _bOikos-tau | ||
| 942 | _cLIB | ||
| 999 |
_c36287 _d36287 |
||